01098nam a2200205Ia 4500008004100000020001500041041001200056082001600068100001700084245005800101260002500159300000800184650000700192942000700199999001500206952017300221952017300394952016300567952016200730221030s9999 xx 000 0 und d a007451587X aEnglish a105.23bDho aP. S. Dhogal 0aBasic Electrical Engineering Vol. IIcby P. S. Dhogal bTMHaNew Delhic1999 a466 aEE cBK c7133d7133 pBE 3252g90.00h2l0o105.23 Dhor2024-06-13 00:00:00w2022-10-30yBK003Print4070aMIETLIBbMIETLIBcBL-Academic Block A, FL-1, CUP-36, SH-3, R-3d2001-03-2610HBE pBE 3253g90.00h2l0o105.23 Dhor2024-06-13 00:00:00w2022-10-30yBK003Print4070aMIETLIBbMIETLIBcBL-Academic Block A, FL-1, CUP-36, SH-3, R-3d2001-03-2610HBE pBE 3254g90.00h2l0o105.23 dHOr2024-06-13 00:00:00w2022-10-30yBK003Print4071aMIETLIBbMIETLIBcBL-Second, FL-1, CUP-24, SH-1, R-1d2001-03-2610HBE pBE 3255g90.00h2l0o105.23 dHOr2024-06-13 00:00:00w2022-10-30yBK003Print4070aMIETLIBbMIETLIBcBL-First, FL-1, CUP-30, SH-6, R-6d2001-03-2610HBE